000 00755nam a22002537a 4500
999 _c168663
_d168663
005 20191018153220.0
010 _aENG-126705
020 _a9789389342215
_c699.00
035 _aEN-110237
037 _bDBAD/PUB
082 _a621.433
100 _aSaravanamuttoo, H.I.H.
245 _aGas turbine theory /
_cby H.I.H.Saravanamuttoo...[et all]
250 _a7th ed.
260 _aDelhi
_bPHI Learning
_c2019
270 _aRimjhim House,111, Patparganj Industrial Estate
_bDelhi
_e110092
300 _axii;606
_c23cm(pbk)
500 _aIncludes bibliographical references and index
700 _aRogers, G.F.C.
700 _aCohen, H.
700 _aStraznicky, P.V.
700 _aNix, A.C.
942 _2ddc
_cEN
_h621.433
_mAHU